The US-China trade war and global reallocations (Record no. 527491)

000 -LEADER
fixed length control field 01291nam a22001457a 4500
008 - FIXED-LENGTH DATA ELEMENTS--GENERAL INFORMATION
fixed length control field 240902b ||||| |||| 00| 0 eng d
100 ## - MAIN ENTRY--PERSONAL NAME
Personal name Fajgelbaum, Pablo et al
245 ## - TITLE STATEMENT
Title The US-China trade war and global reallocations
260 ## - PUBLICATION, DISTRIBUTION, ETC. (IMPRINT)
Place of publication, distribution, etc The American Economic Review: Insights
300 ## - PHYSICAL DESCRIPTION
Extent 6(2), Jun, 2024: p.295-312
520 ## - SUMMARY, ETC.
Summary, etc The US-China trade war created net export opportunities rather than simply shifting trade across destinations. Many "bystander" countries grew their exports of taxed products into the rest of the world (excluding the United States and China). Country-specific components of tariff elasticities, rather than specialization patterns, drove large cross-country variation in export growth of tariff-exposed products. The elasticities of exports to US-Chinese tariffs identify whether a country's exports complement or substitute the United States or China and its supply curve's slope. Countries that operate along downward-sloping supplies whose exports substitute (complement) the United States and China are among the larger (smaller) beneficiaries of the trade war.- Reproduced

https://www.aeaweb.org/articles?id=10.1257/aeri.2023009
773 ## - HOST ITEM ENTRY
Main entry heading The American Economic Review: Insights
906 ## - LOCAL DATA ELEMENT F, LDF (RLIN)
Subject DIP INTERNATIONAL TRADE
942 ## - ADDED ENTRY ELEMENTS (KOHA)
Item type Articles
Holdings
Withdrawn status Lost status Source of classification or shelving scheme Damaged status Not for loan Permanent location Current location Date acquired Serial Enumeration / chronology Barcode Date last seen Koha item type
          Indian Institute of Public Administration Indian Institute of Public Administration 2024-09-02 6(2), Jun, 2024: p.295-312 AR132932 2024-09-02 Articles

Powered by Koha